| 000 | 00716cab a2200217 4500 | ||
|---|---|---|---|
| 001 | WB3116-27 | ||
| 008 | 090401t1995 xxu||||| |||| 00| 0 eng d | ||
| 035 | _a(Sirsi) u57437 | ||
| 041 | _aeng | ||
| 245 | _aPrivatisation plans for NHS Estates | ||
| 260 | _c1995 | ||
| 350 | _a0 | ||
| 490 |
_aBuilding _v260(7888) 13 April 1995, 7(1) |
||
| 520 | _aGovernment has revived plans to privatise NHS Estates, which advises hospital trusts on their £2bn a year capital programme and estates management; it is expected to be sold in 1996-97. | ||
| 650 | _aESTATES MANAGEMENT | ||
| 650 | _aNHS ESTATES | ||
| 650 | _aTRUST HOSPITALS | ||
| 690 | _aPROPERTY-COMMERCIAL PROPERTY | ||
| 942 | _n0 | ||
| 948 | _c04/03/1997 | ||
| 999 |
_c35025 _d35025 |
||